000 00376nam a2200145Ia 4500
008 231129s2006||||xx |||||||||||||| ||spa||
020 _a84-261-2400-3
040 _bspa
082 _a(i) 686 A411c
100 _aAliki
245 0 _aCómo se hace un libro
260 _c2006
264 _aBarcelona España : Juventud
942 _2ddc
_cBKS
999 _c7673
_d7673